000 00793nam a2200265 i 4500
001 000021938
003 DO-SdBNP
005 20241105094441.0
007 ta
008 100915s1964 dr 001 0 spa d
040 _aDO-SdBNP
_bspa
_cBNPHU
_erda
049 _aBNPD
082 4 _a972.93054
_bF825m
_222
100 1 _aFranco, Pericles A.
_937156
_eautor
245 1 0 _aMi protesta contra el golpe militar /
_cPericles A. Franco.
264 _aSanto Domingo :
_bEditora del Caribe,
_c1964.
300 _a130 páginas ;
_c23 cm.
336 _2rdacontent
_atexto
_btxt
337 _2rdamedia
_asin mediación
_bn
338 _2rdacarrier
_avolumen
_bnc
590 _aInventariado, 2023/BT
651 4 _aRepública Dominicana
_bHistoria
_y1965
_945522
910 _aBtavárez
942 _2ddc
_cLBS1
999 _c21436
_d21436